000 00674nam a2200181 i 4500
001 19740
003 ES-MaACL
005 20230906152146.0
007 t|
008 021010s1892 po ||||1| por d
100 1 _aAbreu, José Miguel de.
_918153
245 1 0 _aApontamentos ácerca do ensino do desenho industrial no Porto /
_cJosé Miguel de Abreu.
260 _aLisboa :
_b[s.n.],
_c1892 (
_fImpresa Nacional)
300 _a23 p. ;
_c24 cm.
500 _aPrecede al tít.: Congresso Pedagogico Hispano-Portuguez-Americano. Secçâo Portugueza.
711 2 _aCongresso Pedagogico Hispano-Portuguez-Americano (
_d1892.
_cLisboa.)
_9135108
852 _aES-MaACL
_jT-1120-F-5
999 _c19740
_d19740